Ocio y vida social

Guardat en:
Dades bibliogràfiques
Autor corporatiu: F.E.A.P.S (Autor)
Format: Llibre
Idioma:espanyol
Publicat: Madrid F.E.A.P.S 1990
Matèries:
Etiquetes: Afegir etiqueta
Sense etiquetes, Sigues el primer a etiquetar aquest registre!

MARC

LEADER 00000nam a2200000 a 4500
001 UCQ6996
003 CL-VaPUC
005 20250204124609.0
008 981031e19900000sp 1 spa d
082 0 4 |a 371.92  |b FEA  |2 21 
110 2 |a F.E.A.P.S  |e author  |9 619156 
245 1 0 |a Ocio y vida social 
260 |a Madrid  |b F.E.A.P.S  |c 1990 
300 |a 193 p 
583 |a last modification  |c 19981031 00:00:00  |k Rodrigo Vera 
650 0 0 |a Educación especial  |9 307486 
650 0 0 |a Ocio  |9 336997 
650 0 0 |a Vida social  |9 337244 
650 0 0 |a Juegos infantiles  |9 307365 
650 0 0 |a Actividades de tiempo libre   |9 334349 
650 0 7 |a NIÑOS IMPEDIDOS  |2 CL-VaPUC  |9 309741 
650 0 0 |a Congresos  |9 257560 
651 0 |a España  |9 254926 
942 |c BK 
945 |a rbrito  |d 19981031 00:00:00 
546 |a En Español 
536 |a F.E.A.P.S 
518 |p Jornadas Nacionales de la FEAPS, Madrid, septiembre 1990 
999 |c 383273  |d 383271 
952 |0 0  |1 0  |4 0  |6 371_920000000000000_FEA_1990  |7 0  |8 A  |9 505346  |a BIBEDU  |b BIBEDU  |d 2020-01-23  |i 3474135  |o 371.92 FEA 1990  |p 3474135  |r 2020-01-23  |w 2020-01-23  |y BK  |k EPE